00000000nam 2200000za 4500
0019.676797
003CaOODSP
00520230926102605
007cr |||||||||||
008150407|1985||||xxc|||||o    f|0| 0 eng d
040 |aCaOODSP|beng
041 |aeng
041 |afre
043 |an-cn---
0861 |aYX44-1985/7-PDF
1101 |aCanada.|bStatutes.
24510|aRevised Statutes of Canada, 1985. Vol. VII / |h[electronic resource]|c[issued by] Queen's Printer for Canada.
260 |aOttawa - Ontario : |bStatutes |cc1985.
300 |a1272p.|bfigs., table
500 |a"Prepared under the authority of the Statute Revision Act"--p.1 of 1272. Contents: Chap. P-13, Petroleum Incentives Program to Chap. S-9, Shipping, Canada.
590 |a14-22-Supp|b2014-12-24
69007|aLegislation|2gcpds
7760#|tLois révisées du Canada (1985), vol. VII |w(CaOODSP)9.652950
792 |tLois révisées du Canada (1985). Vol. VII / |efre|w(CaOODSP)9.676798
85640|ahttp://publications.gc.ca|qPDF|s19.39 MB|uhttps://publications.gc.ca/collections/collection_2014/lois-statutes/YX44-1985-7.pdf